000 01301nam a2200361 c 4500
999 _c88127
_d88127
003 BLK
005 20250331164834.0
008 180408b bul|||||r ||||||| ||bul||
010 _aKNG00092783000
020 _a978-954-28-0568-7
020 _a9789542806271
040 _aBLK
041 _aBUL
_cBUL
080 _aАмериканска литература (на САЩ)
_b821.111(73)
_x-312.4
_z821.111(73)-312.4
100 1 _aМайър, Стефани
_eпърви автор
_9368972
139 _aМайър, Стефани
_bМ 18
245 1 0 _aСкитница
_bРоман
_cСтефани Майър; прев. от англ. Павел Талев.
257 _aUSA
260 _bСиела Софт енд Паблишинг
_c2009
300 _a680 с.
_c22 см
380 _aX
500 _aБез сведение за ориг. загл. ; Ориг. загл. The Host / Stephenie Meyer. - За автора.
653 _aтрилъри
653 _aромани
700 1 _aТалев, Павел
_eпрев. от англ.
_9364722
852 _aЦб 246076
856 4 _qpdf
856 4 _qpdf
942 _cKNG
_n0
_020
944 _aCR
_c25.11.2009
_lВиолета Тройчева
_k30552
944 _aED
_c05.04.2011
_lф /
999 _d88127